logo

Bir Sreshtho Munshi Abdur Rouf Library
Jhenaidah Cadet College

Target 3 Billion / (Record no. 11739)

MARC details
000 -LEADER
fixed length control field 00684nam a2200241 a 4500
001 - CONTROL NUMBER
JCCL Control Number 11739
003 - CONTROL NUMBER IDENTIFIER
JCCL marc code BD-JhCC
005 - DATE AND TIME OF LATEST TRANSACTION
control field 20200816131924.0
008 - FIXED-LENGTH DATA ELEMENTS--GENERAL INFORMATION
fixed length control field 200816b2011 ii a|||| ||a| 001 0 eng d
020 ## - INTERNATIONAL STANDARD BOOK NUMBER
International Standard Book Number 9780143417309
035 ## - SYSTEM CONTROL NUMBER
system control number (BD-JhCC)11739
040 ## - CATALOGING SOURCE
Original cataloging agency BD-JhCC
Modifying agency BD-JhCC
041 ## - LANGUAGE CODE
Language code of Book eng
082 ## - DEWEY DECIMAL CLASSIFICATION NUMBER
Classification number 307.14120954
Author mark and Year KAL 2011
100 ## - MAIN ENTRY--PERSONAL NAME
Personal name Kalam, A.P.J Abdul
245 ## - TITLE STATEMENT
Title Target 3 Billion /
Statement of responsibility, etc A.P.J Abdul Kalam, Sirjan Pal Singh
260 ## - PUBLICATION, DISTRIBUTION, ETC. (IMPRINT)
Place of publication, distribution, etc India:
Name of publisher, distributor, etc penguin books;
Date of publication, distribution, etc 2011.
300 ## - PHYSICAL DESCRIPTION
Pagination 300 p. :
Other physical details ill;
Dimensions 22 cm.
650 ## - SUBJECT ADDED ENTRY--TOPICAL TERM
Topical term or geographic name as entry element Rural development
General subdivision Social change
Chronological subdivision Sustainable development
Geographic subdivision India
700 ## - ADDED ENTRY--PERSONAL NAME
Personal name Singh, Sirjan Pal
942 ## - ADDED ENTRY ELEMENTS (KOHA)
Source of classification or shelving scheme Dewey Decimal Classification
Koha item type Books
Holdings
Source of classification or shelving scheme Damaged status Not for loan Home library Current library Shelving location Date of accession Cost, normal purchase price Total Checkouts Full call number Barcode Date last seen Copy number Koha item type
Dewey Decimal Classification     JCC Rouf Library JCC Rouf Library General Stacks 08/16/2020 630.00   307.14120954 KAL 2011 16017 08/16/2020 C-1 Books

JCC Library | Contacts | JCC Home

Last Update on 23 September 2017
Copyright @ 2017-2020 JCC Rouf Library
Rouf Library, Jhenidah Cadet College (JCC), Bangladesh